Countries With Shortest Nights - Statistics

General Stats
  • This quiz has been taken 1,139 times
  • The average score is 14 of 20
Answer Stats
Hours Country % Correct
2.3 Russia
95%
5 Canada
94%
1.55 United States
92%
8.2 Norway
91%
0 United Kingdom
87%
9.85 Sweden
86%
5.95 Denmark
82%
5.35 Australia
80%
7.9 China
78%
0 France
74%
9.9 Japan
74%
9.9 Mongolia
66%
9.3 New Zealand
64%
9.1 Brazil
60%
9.95 India
58%
9.95 Mexico
54%
6.85 Netherlands
54%
8.85 Indonesia
52%
9.25 Kazakhstan
52%
9.65 Kiribati
30%
No matching quizzes found
Score Distribution
Percent of People with Each Score
Percentile by Number Answered
Your Score History
You have not taken this quiz